O bezpečnostnej politike Indie na začiatku 21. storočia

Vývoj pozície Indie v medzinárodných vzťahoch v druhej polovici 20. storočia. Zmeny v pozícii Indie v medzinárodných vzťahoch po rozpade ich bipolárneho usporiadania. Globálna a regionálna dimenzia súčasnej pozície Indie v medzinárodných vzťahoch. Základné multilaterálne a bilaterálne aspekty zahran...

Descripción completa

Guardado en:
Detalles Bibliográficos
Autor principal: Škvrnda, František
Formato: Capítulo de libro
Lenguaje:eslovaco
Materias:
Etiquetas: Agregar Etiqueta
Sin Etiquetas, Sea el primero en etiquetar este registro!

MARC

LEADER 00000nla$a2200000$$$4500
001 0117582
005 20240502072320.3
041 0 |a slo 
044 |a SK 
245 1 0 |a O bezpečnostnej politike Indie na začiatku 21. storočia  |c František Škvrnda 
520 |a Vývoj pozície Indie v medzinárodných vzťahoch v druhej polovici 20. storočia. Zmeny v pozícii Indie v medzinárodných vzťahoch po rozpade ich bipolárneho usporiadania. Globálna a regionálna dimenzia súčasnej pozície Indie v medzinárodných vzťahoch. Základné multilaterálne a bilaterálne aspekty zahraničnej politiky Indie na konci 20. a začiatku 21. storočia. Meniaca sa pozícia Indie vo svetovej politike v rámci zoskupenia BRIC. Faktory bezpečnostnej situácie Indie: medzinárodné (globálne a regionálne), vnútroštátne (celoštátne a regionálne). Základné problémy bezpečnostnej politiky Indie. 
610 2 0 |a politika medzinárodná 
610 2 0 |a vzťahy medzinárodné 
610 2 0 |a politika zahraničná 
610 2 0 |a politika bezpečnostná 
610 2 0 |a rast hospodársky 
610 2 0 |a bezpečnosť 
610 2 0 |a India 
610 2 0 |a BRICS 
100 1 |a Škvrnda, František